Fizika poluprovodnikovych lazerov

Na minha lista:
Detalhes bibliográficos
Formato: Livro
Publicado em: Moskva : Mir, 1989
Tags: Adicionar Tag
Sem tags, seja o primeiro a adicionar uma tag!

MARC

LEADER 00000nam a22000003a 4500
001 stu47008
005 20141122035452.6
008 ------s1989----xxr---------------------d
040 |a STU  |b slo 
041 0
044 |a xxr 
080 |a 681.7.069.24 
245 |a Fizika poluprovodnikovych lazerov 
260 |a Moskva :  |b Mir,  |c 1989 
300 |a 310 s 
996 |b J85496  |c J*85496/K 3  |l JJK3  |s P  |a 0  |w stu47008_0001